00500pab a2200157 454500008003600000100002200036245004900058650002600107650002000133650003100153650001500184773001400199909001000213999001700223952010200240180718b xxu||||| |||| 00| 0 eng d aGhatak, Aditi Roy aLexus Nexus - special courts, special crimes a Crimes and Criminals a Mehta, Harshad a Justice Administration of aCorruption aStatesman a21656 c21656d21656 00104070aIIPAbIIPAd2018-07-19hIssue no: 19 Jun.92, p.8pAR21725r2018-07-19w2018-07-19yAR